000 00488nam a22001697a 4500
999 _c525769
_d525769
003 NUST
020 _qH/B
038 _awaseem
082 _a891.4392
_bCHA
100 _aSidhu, Charan Das
_914708
245 _aAmanat Ki Lathi Aur Digar Dramay /
_cCharan Das Sidhu
260 _aNew Delhi :
_bKitabi Duniya,
_c2007.
300 _a453 p. ;
880 _6100-01\r
_aچرن داس سدھو
880 _6245-02\r
_aامانت کی لاٹھی اور دیگر ڈرامے /
942 _2ddc
_cBK